Statistics for 5SOS Want You Back Lyrics

Click here to take the quiz!

General Stats

  • This quiz has been taken 385 times
  • The average score is 280 of 304

Answer Stats

HintAnswer% Correct
II
100%
Yyou
100%
YYou
100%
Bback
98%
WWant
98%
Wwant
98%
Aalways
97%
Ggo
97%
II'm
97%
Yyour
97%
Ggonna
96%
NNo
96%
Mmatter
95%
Tthe
95%
Wwhere
95%
CCan't
93%
Ggone
93%
Hhow
93%
Iis
93%
IIs
93%
Kknow
93%
Llong
93%
Mme
93%
Nnever
93%
Tthat
93%
Oon
92%
Ssay
92%
Bbut
91%
Gget
91%
II'll
91%
Tthis
91%
Fface
90%
Iit
90%
Jjust
90%
Llast
90%
Ssee
90%
Ttime
90%
Tto
90%
Wwill
90%
Yyou're
90%
Oover
89%
Hhelp
88%
Iif
88%
SSo
88%
Ccould
87%
Oor
87%
Rremember
87%
AAnd
86%
Rrain
86%
WWish
86%
Eever
85%
Mmake
85%
Ssomething
85%
SSomething
85%
Wwondering
85%
Mmy
84%
Ttears
84%
Ddoesn't
83%
Ddon't
83%
Iinsane
83%
Llaugh
83%
Ssound
83%
Wway
83%
Bbrain
82%
Wwhen
82%
WWhen
82%
Llately
81%
Nnothing
81%
Ttold
81%
Ttrust
81%
Uused
81%
Ffor
80%
Ffreckles
80%
Rroses
80%
Sstill
80%
Sshirt
79%
Uup
79%
Wwould
79%
Eeven
78%
Eevery
78%
Ttell
78%
YYeah
78%
Wwake
77%
Wwon't
77%
Cchange
76%
Wwork
76%
Mmorning
75%
C'Cause
74%
Mmoved
73%
Rreach
72%
Ddream
71%
Ppouring
69%
II've
65%
Tthink
65%
AAll
63%
Tthough
62%
Wwrong
61%
Wwent
60%
Aabout
59%

Score Distribution

Percentile by Number Answered

Percent of People with Each Score

Your Score History

You have not taken this quiz